Nicaragua: dictadura somocista, movimiento popular e Iglesia 1986-1979 /
Furkejuvvon:
| Váldodahkki: | |
|---|---|
| Eará dahkkit: | |
| Materiálatiipa: | Texto |
| Giella: | Spanish |
| Fáttát: | |
| Fáddágilkorat: |
Lasit fáddágilkoriid
Eai fáddágilkorat, Lasit vuosttaš fáddágilkora!
|
MARC
| LEADER | 00000 a a2200000 04500 | ||
|---|---|---|---|
| 001 | 43652 | ||
| 003 | cru CRAI/IIS | ||
| 005 | 20210513062542.0 | ||
| 008 | 210512b |||||||| |||| 00| 0 spa d | ||
| 040 | |c cru CRAI/IIS | ||
| 100 | 1 | |a Samandú, Luis E. |9 7709 | |
| 245 | 1 | |a Nicaragua: |b dictadura somocista, movimiento popular e Iglesia 1986-1979 / |c Luis Samandú, Ruud Jansen | |
| 500 | |a Colección Centroamérica | ||
| 650 | |a IGLESIA CATOLICA | ||
| 650 | |a NICARAGUA | ||
| 650 | |a LUCHA DE CLASES | ||
| 650 | |a DICTADURA | ||
| 650 | |a ALGODON | ||
| 700 | |a Jansen, Ruud | ||
| 773 | |g volumen11, número33 ( , 1982),páginas 187-219 | ||
| 773 | 0 | |0 18875 |9 5334 |a Universidad de Costa Rica. |d San José, Costa Rica: Universidad de Costa Rica. Consejo Superior Universitario Centroamericano, 1972- |o 14007 |t Estudios Sociales Centroamericanos / |x 03039676 | |
| 942 | |2 ddc |c PP | ||
| 999 | |c 32114 |d 32114 | ||
